01266nam a2200301 i 4500001000700000003000900007005001700016007000300033008004100036020001800077080001300095100005200108245012400160250001500284260006700299300002800366490006400394490004500458595004500503595005400548598004100602700003400643830007200677830005300749852002100802999001900823952012200842136938ES-MaACL20260505130333.0t|160310s2002 sp a |||| | spa d a84-206-3628-2 a087.5:82 aSaint-Exupéry, Antoine de,d1900-1944923916913aEl principito /cAntoine de Saint-Exupéry ; [traductora [sic], Bonifacio del Carril] ; [con ilustraciones del autor]. a6ª reimp. aMadrid :bAlianza Editorial :bBuenos Aires :bEmecé,c2002. a116 p. :bil. ;c18 cm.1 aEl libro de bolsillo. Biblioteca temática juvenil ;v80011 aEl libro de bolsillo. Biblioteca juvenil a1ª ed. en "El libro de bolsillo", 1971. a1ª ed. en "Biblioteca temática juvenil", 1997. aEn anteport.: Biblioteca temática.1 aCarril, Bonifacio del.9357480 aEl libro de bolsillo. Biblioteca temática juvenil ;v800192200460 aEl libro de bolsillo. Biblioteca juvenil9231574 aES-MaACLjL-3209 c136938d136938 00104070aATENEOMbATENEOMcDEPO2d2016-03-10eCOMl0oL-3209p1194923r2023-02-23 00:00:00w2023-02-23yMONOGRAFIA